| 000 | 00987cam a22002294a 4500 | ||
|---|---|---|---|
| 005 | 20250605164119.0 | ||
| 008 | 250528s ||||||||||||||||||||||||d | ||
| 035 | _a18213 | ||
| 020 | _a333598482 | ||
| 040 |
_aGR-AtMCL _bgre _dGR-AtMCL _eAACR2 |
||
| 245 | 1 | _aFundamentals of Operating Systems / Fifth Edition | |
| 250 | _a5th | ||
| 260 | _c1993 | ||
| 300 | _a196 | ||
| 520 | _aThis clear and concise text is ideally suited for a one-term or one-semester course on operating systems taken by undergraduate or equivalent students. Preface, Introduction, Functions and Characteristics of an Operating System, Concurrent Processes, The System Nucleus, Memory Management, Input and Output, The Filling System, Resource Allocation and Scheduling, Protection, Reliability, The User Interface, Conclusion, References, Index. | ||
| 700 | 1 |
_aEager R.D _94500 |
|
| 700 | 1 |
_aLister M. A. _94501 |
|
| 942 | _cBK | ||
| 710 | 2 |
_aMacmillan Company _99720 |
|
| 999 |
_c3590 _d3590 |
||